TALİHSİZ SER 7 KARGA LANETİ SC (Record no. 643099)

MARC details
000 -LEADER
sabit uzunluktaki kontrol alanı 00254nam a2200097Ia 4500
001 - KONTROL NUMARASI
kontrol alanı 643099
005 - EN SON İŞLEMİN TARİH VE ZAMANI
kontrol alanı 20250826153539.0
008 - SABİT-UZUNLUKTA VERİ ÖĞELERİ--GENEL BİLGİ
sabit uzunluktaki kontrol alanı 250824s9999 xx 000 0 und d
245 #0 - ESER / YAZAR
ESER ADI TALİHSİZ SER 7 KARGA LANETİ SC
Yazar Adı LEMONY SNICKET
260 ## - YAYIN, DAĞITIM, VB.
YAYIN EVİ DOĞAN EGMONT
Holdings
Düşüm durumu Kayıp durumu Hasar Durumu Ödünç verilmez Ana kütüphane Geçerli Kütüphane Edinilen tarih Toplam ödünç verme sayısı Barkod Son görüntüleme tarihi Son ödünç verme tarihi Fiyatın geçerli olmaya başladığı tarih Koha materyal türü
        AKINCILAR AHMET HAŞHAŞ İLKOKULU AKINCILAR AHMET HAŞHAŞ İLKOKULU 24.08.2025 2 1004772 27.03.2026 06.03.2026 26.08.2025 Books